Click Quiz: Match Canadian Cities to Provinces - Hard - Statistics

General Stats
  • This quiz has been taken 18 times
  • The average score is 9 of 13
Answer Stats
Hint Answer % Correct
Laval Quebec
94%
Kamloops British Columbia
88%
Mississauga Ontario
88%
Moncton New Brunswick
81%
Red Deer Alberta
75%
Moose Jaw Saskatchewan
75%
Brandon Manitoba
69%
Gander Newfoundland & Labrador
63%
New Glasgow Nova Scotia
63%
Rankin Inlet Nunavut
56%
Dawson City Yukon
50%
Tuktoyaktuk Northwest Territories
31%
Tignish Prince Edward Island
31%
No matching quizzes found
Score Distribution
Percent of People with Each Score
Percentile by Number Answered
Your Score History
You have not taken this quiz